| 000 | 00801cam a2200253 4500 | ||
|---|---|---|---|
| 001 | ABS66010 | ||
| 008 | 021025n2002 000 0 eng u | ||
| 035 | _a(Sirsi) u120271 | ||
| 110 |
_aDavis Langdon and Everest _91155 |
||
| 245 | _aCost model | ||
| 260 | _c2002 | ||
| 490 |
_aBuilding _v267(8249) 6 September 2002, 60-67(8) |
||
| 520 | _aTall buildings cost model of building a 48 storey town in central London. Outlines design considerations; sustainability issues and gives a cost breakdown. | ||
| 590 | _aABS | ||
| 650 | _aCOST MODELS | ||
| 650 | _aTALL BUILDINGS | ||
| 650 |
_aSustainability _96271 |
||
| 650 | _aDESIGN | ||
| 650 | _aLONDON | ||
| 690 | _aBUILT ENVIRONMENT-BUILDING COSTS | ||
| 710 | _aOve Arup and Partners | ||
| 710 |
_aMott Green and Wall _93850 |
||
| 942 | _n0 | ||
| 999 |
_c71455 _d71455 |
||